[Event "NB II. Breyer csoport"]
[Site "Budapest"]
[Date "2024.05.12"]
[Round "9.7"]
[White "Szekely, Csaba"]
[Black "Banhazi, Istvan"]
[Result "1-0"]
[WhiteElo "2058"]
[BlackElo "1933"]
[PlyCount "57"]
[EventDate "2023.10.08"]
[EventType "team-tourn"]
[EventRounds "9"]
[EventCountry "HUN"]
[Source "chess.hu"]
[WhiteTeam "Tatabanyai SC"]
[BlackTeam "Varosgazda Akademia"]
[WhiteTeamCountry "HUN"]
[BlackTeamCountry "HUN"]

1. Nf3 Nf6 2. d4 g6 3. c4 c5 4. Nc3 Bg7 5. g3 Nc6 6. Bg2 O-O 7. O-O d6 8. h3
Rb8 9. e4 a6 10. Be3 cxd4 11. Nxd4 Bd7 12. Rc1 e6 13. Qd2 Qe7 14. a3 Rbc8 15.
b3 Rfd8 16. Nde2 Be8 17. Bb6 Rd7 18. Na4 Qf8 19. Be3 Rcd8 20. Nb6 Re7 21. Nc3
Rc7 22. Rfd1 Na5 23. Rb1 h5 24. e5 Nh7 25. exd6 Qxd6 26. Qxd6 Rxd6 27. Rxd6
Bxc3 28. Rd8 Nf6 29. Na4 1-0

[Event "NB II. Breyer csoport"]
[Site "Budapest"]
[Date "2024.05.12"]
[Round "9.8"]
[White "Rozsnyai, Tibor"]
[Black "Szanto, Levente"]
[Result "1-0"]
[WhiteElo "1978"]
[BlackElo "1937"]
[PlyCount "111"]
[EventDate "2023.10.08"]
[EventType "team-tourn"]
[EventRounds "9"]
[EventCountry "HUN"]
[Source "chess.hu"]
[WhiteTeam "Varosgazda Akademia"]
[BlackTeam "Tatabanyai SC"]
[WhiteTeamCountry "HUN"]
[BlackTeamCountry "HUN"]

1. c4 e6 2. Nc3 d5 3. e3 c6 4. Nf3 Bd6 5. d4 f5 6. Bd3 Nf6 7. Ne5 O-O 8. O-O
Ne4 9. f4 Rf6 10. Bd2 Rh6 11. Be1 Nd7 12. Nxe4 fxe4 13. Be2 Be7 14. Ng4 Rg6 15.
cxd5 cxd5 16. Qb3 h5 17. Ne5 Nxe5 18. fxe5 h4 19. Bh5 Rh6 20. Bg4 b6 21. Bd2
Ba6 22. Rfc1 Qd7 23. Qc2 Rc8 24. Qd1 Rf8 25. Qc2 Rc8 26. Qd1 Rf8 27. Qc2 Bd8
28. Qc6 Qf7 29. Bb4 Qf2+ 30. Kh1 Bf1 31. Bh3 Rf7 32. Rc2 Be2 33. Bxe6 Kh7 34.
Rcc1 Rg6 35. Rg1 Rc7 36. Qe8 Rc2 37. Qg8+ Kh6 38. Qh8+ Kg5 39. Qxd8+ Kh5 40.
Qh8+ Rh6 41. Qxg7 Rc6 42. Bf7+ Rcg6 43. Bxg6+ Rxg6 44. Qh8+ Rh6 45. Qe8+ Rg6
46. Be1 Qf5 47. Qe7 Rg5 48. h3 Bf3 49. Kh2 Qg6 50. g4+ hxg3+ 51. Rxg3 Rxg3 52.
Bxg3 Qc6 53. Rf1 Qc2+ 54. Rf2 Qd1 55. Qh7+ Kg5 56. Bh4# 1-0

[Event "NB II. Breyer csoport"]
[Site "Budapest"]
[Date "2024.05.12"]
[Round "9.9"]
[White "Bak, Tamas"]
[Black "Magyar, Erik Ferenc"]
[Result "1/2-1/2"]
[WhiteElo "1852"]
[BlackElo "1863"]
[PlyCount "104"]
[EventDate "2023.10.08"]
[EventType "team-tourn"]
[EventRounds "9"]
[EventCountry "HUN"]
[Source "chess.hu"]
[WhiteTeam "Tatabanyai SC"]
[BlackTeam "Varosgazda Akademia"]
[WhiteTeamCountry "HUN"]
[BlackTeamCountry "HUN"]

1. e4 e5 2. Nf3 Nc6 3. Bc4 Bc5 4. O-O Nf6 5. d3 h6 6. c3 d6 7. d4 exd4 8. cxd4
Bb6 9. h3 O-O 10. Nc3 Re8 11. Re1 Ba5 12. Bd3 d5 13. e5 Nh7 14. a3 Bb6 15. Be3
Nf8 16. Bc2 Ne6 17. Qd3 Nf8 18. Rad1 Be6 19. Ne2 Ne7 20. Ng3 Rc8 21. b4 a5 22.
Nh2 axb4 23. axb4 Qd7 24. f4 g6 25. Qd2 h5 26. Nf3 Nf5 27. Nf1 Ra8 28. Ra1 Qe7
29. Bf2 Nd7 30. g4 Ng7 31. N1h2 Rxa1 32. Rxa1 Nb8 33. Nh4 hxg4 34. hxg4 Nc6 35.
f5 Qxb4 36. Qxb4 Nxb4 37. Ba4 Ra8 38. fxe6 Nd3 39. N2f3 Nb2 40. exf7+ Kxf7 41.
Ng5+ Kg8 42. Nxg6 c6 43. Kg2 Rxa4 44. Rxa4 Nxa4 45. Ne7+ Kf8 46. Nc8 Bd8 47.
Nf3 Ne6 48. Nd6 b5 49. Be1 Bb6 50. Nf5 c5 51. dxc5 Bxc5 52. Kf1 Nf4 1/2-1/2

[Event "NB II. Breyer csoport"]
[Site "Budapest"]
[Date "2024.05.12"]
[Round "9.10"]
[White "Sandor, Jozsef"]
[Black "Lengyel, Sandor"]
[Result "1-0"]
[WhiteElo "1863"]
[BlackElo "1815"]
[PlyCount "97"]
[EventDate "2023.10.08"]
[EventType "team-tourn"]
[EventRounds "9"]
[EventCountry "HUN"]
[Source "chess.hu"]
[WhiteTeam "Varosgazda Akademia"]
[BlackTeam "Tatabanyai SC"]
[WhiteTeamCountry "HUN"]
[BlackTeamCountry "HUN"]

1. Nf3 Nf6 2. d4 g6 3. Nc3 Bg7 4. e4 d6 5. Bf4 O-O 6. Qd2 c5 7. dxc5 dxc5 8.
Qxd8 Rxd8 9. Bc4 a6 10. a4 Nc6 11. Ne5 e6 12. Nxc6 bxc6 13. Be5 Bb7 14. f3 Nd7
15. Bxg7 Kxg7 16. a5 Ne5 17. Be2 Rd4 18. Na4 Nd7 19. c3 Rd6 20. Kf2 Kf8 21.
Rhd1 Rxd1 22. Rxd1 Ke7 23. Rxd7+ Kxd7 24. Nb6+ Kc7 25. Nxa8+ Bxa8 26. Bxa6 Bb7
27. Bc4 Kb8 28. Ke3 Ka7 29. Kd3 Bc8 30. e5 Bb7 31. h4 h6 32. g4 g5 33. hxg5
hxg5 34. Ke3 Ba6 35. Kd3 Bb7 36. Ke4 Ba6 37. Kd3 Bb7 38. Ke3 Ba6 39. Bd3 c4 40.
Bh7 c5 41. f4 gxf4+ 42. Kxf4 Bb5 43. Bg8 Be8 44. Kg5 Ka6 45. Kf6 Kxa5 46. Bxf7
Bxf7 47. Kxf7 Ka4 48. Kxe6 Kb3 49. Kd5 1-0

[Event "NB II. Breyer csoport"]
[Site "Budapest"]
[Date "2024.05.12"]
[Round "9.11"]
[White "Korim, Adam"]
[Black "Papp, Bence"]
[Result "1/2-1/2"]
[WhiteElo "1553"]
[BlackElo "1727"]
[PlyCount "122"]
[EventDate "2023.10.08"]
[EventType "team-tourn"]
[EventRounds "9"]
[EventCountry "HUN"]
[Source "chess.hu"]
[WhiteTeam "Tatabanyai SC"]
[BlackTeam "Varosgazda Akademia"]
[WhiteTeamCountry "HUN"]
[BlackTeamCountry "HUN"]

1. d4 Nf6 2. Nf3 d5 3. g3 c6 4. Bg2 Bf5 5. O-O e6 6. b3 Nbd7 7. Bb2 Bd6 8. Nbd2
O-O 9. c4 Ne4 10. a3 a5 11. Rc1 Qe7 12. c5 Bc7 13. Nh4 Nxd2 14. Nxf5 exf5 15.
Qxd2 Nf6 16. Rc2 Ne4 17. Qd3 g6 18. f3 Nf6 19. Bc1 Rfe8 20. Bg5 Qe6 21. Bxf6
Qxf6 22. e4 Rad8 23. e5 Qe6 24. f4 Ra8 25. Qf3 Ra6 26. Rff2 b5 27. Bf1 Ra7 28.
Be2 a4 29. b4 Bd8 30. Rg2 Kf8 31. g4 fxg4 32. Qxg4 f5 33. Qh3 Rg7 34. Qh6 Qe7
35. Qg5 Qxg5 36. fxg5 Kg8 37. h4 Kf7 38. h5 Rh8 39. h6 Rgg8 40. Bf3 Ke6 41.
Rcf2 Rf8 42. Be2 Rf7 43. Kh2 Rhf8 44. Kg1 Be7 45. Bd1 Ra8 46. Kh2 Bd8 47. Kh3
Be7 48. Kh4 Rff8 49. Kh3 Rf7 50. Bh5 Rg8 51. Be2 Rb8 52. Bh5 Rg8 53. Be2 Rb8
54. Rg3 Rg8 55. Bd1 Ra8 56. Be2 Rb8 57. Rgg2 Rg8 58. Bf3 Rd8 59. Bh5 Rg8 60.
Be2 Rb8 61. Bd1 Ra8 1/2-1/2

[Event "NB II. Breyer csoport"]
[Site "Budapest"]
[Date "2024.05.12"]
[Round "9.12"]
[White "Li, Changxing"]
[Black "Balogh, Erik Zsigmond"]
[Result "1-0"]
[WhiteElo "1829"]
[BlackElo "2049"]
[PlyCount "65"]
[EventDate "2023.10.08"]
[EventType "team-tourn"]
[EventRounds "9"]
[EventCountry "HUN"]
[Source "chess.hu"]
[WhiteTeam "Varosgazda Akademia"]
[BlackTeam "Tatabanyai SC"]
[WhiteTeamCountry "HUN"]
[BlackTeamCountry "HUN"]

1. e4 e5 2. Nf3 Nc6 3. Bc4 Nf6 4. d3 h6 5. Nc3 Bc5 6. a3 a6 7. h3 O-O 8. O-O b5
9. Ba2 d6 10. Be3 Ba7 11. Bxa7 Rxa7 12. d4 exd4 13. Nxd4 Ne7 14. Qd3 Ng6 15. f4
Bb7 16. Rae1 Re8 17. Qg3 Ne7 18. Nf3 Ra8 19. e5 Nf5 20. Qf2 Nh7 21. e6 Re7 22.
exf7+ Kf8 23. g4 Bxf3 24. Qxf3 Nd4 25. Qd3 c5 26. Bd5 Rxe1 27. Rxe1 Nf6 28.
Bxa8 Qxa8 29. Ne4 Kxf7 30. c3 Nc6 31. Nxf6 Kxf6 32. Qxd6+ Kf7 33. Qd7+ 1-0

[Event "NB II. Breyer csoport"]
[Site "Budapest"]
[Date "2024.05.12"]
[Round "9.1"]
[White "Berek, Geza"]
[Black "Grimm, Daniel"]
[Result "0-1"]
[WhiteElo "2160"]
[BlackElo "2307"]
[PlyCount "72"]
[EventDate "2023.10.08"]
[EventType "team-tourn"]
[EventRounds "9"]
[EventCountry "HUN"]
[Source "chess.hu"]
[WhiteTeam "NYVSE"]
[BlackTeam "Barcza - BEAC I."]
[WhiteTeamCountry "HUN"]
[BlackTeamCountry "HUN"]

1. e4 Nf6 2. e5 Nd5 3. d4 d6 4. c4 Nb6 5. exd6 cxd6 6. Nc3 g6 7. Be3 Bg7 8. Rc1
O-O 9. b3 Bf5 10. Be2 d5 11. c5 Nc8 12. Bf3 Nc6 13. Bxd5 e5 14. Bxc6 bxc6 15.
dxe5 Qa5 16. Qd4 Ne7 17. Nf3 Rad8 18. Qa4 Qxa4 19. Nxa4 Nd5 20. Bd2 Bg4 21. O-O
Bxf3 22. gxf3 Bxe5 23. Rfe1 Rfe8 24. Rc4 f5 25. Bg5 Rc8 26. Kg2 Kf7 27. Bd2
Rcd8 28. Nc3 Nf6 29. Bf4 Bxc3 30. Rxe8 Rxe8 31. Rxc3 Re2 32. a4 Nd5 33. Rc4 Rb2
34. Bd6 Ne3+ 35. Kg3 Nxc4 36. bxc4 Ra2 0-1

[Event "NB II. Breyer csoport"]
[Site "Budapest"]
[Date "2024.05.12"]
[Round "9.2"]
[White "Farkas, Richard"]
[Black "Horvath, Kalman"]
[Result "1-0"]
[WhiteElo "2227"]
[BlackElo "2080"]
[PlyCount "97"]
[EventDate "2023.10.08"]
[EventType "team-tourn"]
[EventRounds "9"]
[EventCountry "HUN"]
[Source "chess.hu"]
[WhiteTeam "Barcza - BEAC I."]
[BlackTeam "NYVSE"]
[WhiteTeamCountry "HUN"]
[BlackTeamCountry "HUN"]

1. e4 c6 2. d4 d5 3. exd5 cxd5 4. Bd3 Nc6 5. c3 g6 6. Nf3 Bg7 7. O-O Nf6 8. Re1
O-O 9. Bf4 b6 10. Nbd2 Bb7 11. h3 Rc8 12. Ne5 Nb8 13. a4 Nbd7 14. a5 Nxe5 15.
Bxe5 Nd7 16. Bxg7 Kxg7 17. axb6 axb6 18. Ra7 Rc7 19. Qb3 e6 20. Nf3 Bc6 21.
Raa1 Qb8 22. Ne5 Nxe5 23. dxe5 Ra7 24. Rxa7 Qxa7 25. Qb4 Qc7 26. Qh4 Qd8 27.
Qd4 Qc7 28. h4 Rb8 29. h5 Qe7 30. Qf4 Rf8 31. h6+ Kg8 32. Ra1 Rb8 33. Ra6 Kf8
34. b4 Ke8 35. b5 Ba8 36. Qa4 Qd8 37. Ra7 Bb7 38. Qf4 Qe7 39. c4 Ra8 40. Rxa8+
Bxa8 41. Be2 Bb7 42. Bf3 dxc4 43. Bxb7 Qxb7 44. Qxc4 Qd5 45. Qxd5 exd5 46. f4
Ke7 47. Kf2 Ke6 48. Ke3 Kf5 49. Kd4 1-0

[Event "NB II. Breyer csoport"]
[Site "Budapest"]
[Date "2024.05.12"]
[Round "9.3"]
[White "Ikanov, Imre"]
[Black "Horvath, Andras"]
[Result "1/2-1/2"]
[WhiteElo "1968"]
[BlackElo "2258"]
[PlyCount "88"]
[EventDate "2023.10.08"]
[EventType "team-tourn"]
[EventRounds "9"]
[EventCountry "HUN"]
[Source "chess.hu"]
[WhiteTeam "NYVSE"]
[BlackTeam "Barcza - BEAC I."]
[WhiteTeamCountry "HUN"]
[BlackTeamCountry "HUN"]

1. e4 g6 2. d4 Bg7 3. Nc3 c6 4. Be3 d5 5. f3 Qb6 6. Na4 Qa5+ 7. c3 dxe4 8. fxe4
e5 9. b4 Qc7 10. Nf3 Nd7 11. Nc5 Ngf6 12. Bd3 O-O 13. O-O Ng4 14. Qe2 a5 15. a3
b6 16. Nxd7 Bxd7 17. h3 Nxe3 18. Qxe3 exd4 19. cxd4 axb4 20. axb4 Rxa1 21. Rxa1
Qd6 22. Rb1 Be6 23. Rc1 Rd8 24. e5 Qxb4 25. Rb1 Qa5 26. Be4 Rc8 27. Ng5 Bh6 28.
h4 Bd5 29. Qf3 Bxg5 30. hxg5 Qd2 31. Rd1 Bxe4 32. Rxd2 Bxf3 33. gxf3 Rd8 34.
Kf2 Rd5 35. Rb2 Rxd4 36. Rxb6 Rc4 37. Ke3 Rc3+ 38. Ke4 Rc1 39. Rb1 Kg7 40. Rb7
Kf8 41. Rc7 c5 42. Kd5 Rd1+ 43. Ke4 Rc1 44. Kd5 Rd1+ 1/2-1/2

[Event "NB II. Breyer csoport"]
[Site "Budapest"]
[Date "2024.05.12"]
[Round "9.4"]
[White "Szekely, Ferenc"]
[Black "Draga, Balazs"]
[Result "1-0"]
[WhiteElo "2203"]
[BlackElo "1973"]
[PlyCount "59"]
[EventDate "2023.10.08"]
[EventType "team-tourn"]
[EventRounds "9"]
[EventCountry "HUN"]
[Source "chess.hu"]
[WhiteTeam "Barcza - BEAC I."]
[BlackTeam "NYVSE"]
[WhiteTeamCountry "HUN"]
[BlackTeamCountry "HUN"]

1. e4 d6 2. d4 c6 3. c4 e5 4. d5 Nf6 5. Nc3 Be7 6. Nge2 Nh5 7. Ng3 Nxg3 8. hxg3
Nd7 9. Be3 Nf6 10. Be2 h6 11. Qd2 c5 12. O-O-O Bd7 13. Kb1 Qa5 14. f4 Ng4 15.
Bxg4 Bxg4 16. Nb5 Qb6 17. fxe5 Bxd1 18. Qxd1 a6 19. Nxd6+ Bxd6 20. Qa4+ Ke7 21.
exd6+ Qxd6 22. e5 Qg6+ 23. Ka1 Rhc8 24. Bf4 Qe4 25. d6+ Ke6 26. Qd1 b6 27. Re1
Qc6 28. Qg4+ f5 29. exf6+ Kxf6 30. Re6+ 1-0

[Event "NB II. Breyer csoport"]
[Site "Budapest"]
[Date "2024.05.12"]
[Round "9.5"]
[White "Bognar, Attila"]
[Black "Fordan, Tibor"]
[Result "0-1"]
[WhiteElo "1916"]
[BlackElo "2127"]
[PlyCount "102"]
[EventDate "2023.10.08"]
[EventType "team-tourn"]
[EventRounds "9"]
[EventCountry "HUN"]
[Source "chess.hu"]
[WhiteTeam "NYVSE"]
[BlackTeam "Barcza - BEAC I."]
[WhiteTeamCountry "HUN"]
[BlackTeamCountry "HUN"]

1. e4 e5 2. d4 exd4 3. Qxd4 Nc6 4. Qe3 d6 5. Bc4 Nf6 6. Nc3 Be7 7. Bd2 O-O 8.
O-O-O Be6 9. Bxe6 fxe6 10. Qh3 Qd7 11. Bg5 Rae8 12. f4 h6 13. Bxf6 Bxf6 14. e5
Bd8 15. Nge2 Qf7 16. exd6 cxd6 17. Ne4 Bc7 18. Rxd6 Qg6 19. f5 Qxf5 20. Qe3 Bb6
21. Qf3 Qxf3 22. gxf3 Rxf3 23. Rd7 Ref8 24. N2g3 R3f7 25. Rhd1 Be3+ 26. Kb1 Bf4
27. Rxf7 Rxf7 28. Nc5 Bxg3 29. hxg3 e5 30. Re1 Rf3 31. Ne4 Kf7 32. Kc1 Ke6 33.
g4 Rf4 34. g5 h5 35. Nc5+ Kf5 36. Nxb7 Kxg5 37. Nc5 Kf5 38. Nd3 Rf3 39. b4 e4
40. b5 Nd4 41. Nc5 e3 42. a4 Rf2 43. Nd3 Rxc2+ 44. Kb1 e2 45. Rg1 Rd2 46. Ne1
Rd1+ 47. Kb2 Ke4 48. Kc3 Nf3 49. Rxg7 Rxe1 50. Re7+ Kf4 51. Kb2 Ne5 0-1

[Event "NB II. Breyer csoport"]
[Site "Budapest"]
[Date "2024.05.12"]
[Round "9.6"]
[White "Medve, Mark"]
[Black "Gal, Lajos"]
[Result "1-0"]
[WhiteElo "2110"]
[BlackElo "1854"]
[PlyCount "169"]
[EventDate "2023.10.08"]
[EventType "team-tourn"]
[EventRounds "9"]
[EventCountry "HUN"]
[Source "chess.hu"]
[WhiteTeam "Barcza - BEAC I."]
[BlackTeam "NYVSE"]
[WhiteTeamCountry "HUN"]
[BlackTeamCountry "HUN"]

1. d4 d5 2. c4 e6 3. cxd5 exd5 4. Nc3 Nf6 5. Bg5 Be7 6. Qc2 c6 7. e3 Be6 8. Bd3
Nbd7 9. Nge2 h6 10. Bh4 Qa5 11. O-O Bd6 12. Rad1 Qc7 13. Bg3 a6 14. f3 Bxg3 15.
Nxg3 c5 16. dxc5 Qxc5 17. Qf2 b5 18. Nge2 Ne5 19. Nd4 O-O 20. Bb1 Rac8 21. Nce2
Rfe8 22. Nf4 Bd7 23. Rfe1 Nc6 24. Nxc6 Qxc6 25. Rd4 Be6 26. Qd2 Re7 27. a3 Rd7
28. Rd1 g5 29. Ne2 Rcd8 30. h3 Qc7 31. Kh1 Nh5 32. Qe1 Kg7 33. Ba2 Qe5 34. Qf2
f5 35. f4 Qc7 36. Ng3 Nxg3+ 37. Qxg3 Kg6 38. Qf2 Qc6 39. Qd2 Kf6 40. Qe2 Kg6
41. Bb1 Rg8 42. Rf1 Rf7 43. Kh2 Kf6 44. Qh5 Ke7 45. Qxh6 g4 46. Qh4+ Ke8 47.
hxg4 Rxg4 48. Qh8+ Rf8 49. Qe5 Rh4+ 50. Kg1 Rfh8 51. Rdd1 R8h5 52. Rc1 Rh1+ 53.
Kf2 Rxf1+ 54. Rxf1 Kf7 55. Kg1 Qc4 56. Re1 Rh6 57. Bxf5 Bxf5 58. Qxf5+ Rf6 59.
Qh5+ Ke6 60. Qf3 Qc2 61. Qf2 Qe4 62. Rd1 Kf5 63. Qd2 Rd6 64. Qd3 Qxd3 65. Rxd3
Ke4 66. Rc3 d4 67. exd4 Kxf4 68. Rd3 Ke4 69. Rd1 Ke3 70. Re1+ Kd2 71. Re4 Kd3
72. Rf4 Kc2 73. b4 Kb3 74. Rf3+ Kc4 75. d5 Rg6 76. Kf2 Kxd5 77. Rf4 Ke5 78. g3
Rc6 79. Kg2 Rc3 80. Rf3 Rc2+ 81. Kh3 Rc8 82. g4 Rc1 83. Kh4 Rc8 84. g5 Rc4+ 85.
Kh5 1-0

[Event "NB II. Breyer csoport"]
[Site "Budapest"]
[Date "2024.05.12"]
[Round "9.7"]
[White "Balonyi, Roland"]
[Black "Palczert, Botond"]
[Result "1/2-1/2"]
[WhiteElo "1870"]
[BlackElo "1965"]
[PlyCount "48"]
[EventDate "2023.10.08"]
[EventType "team-tourn"]
[EventRounds "9"]
[EventCountry "HUN"]
[Source "chess.hu"]
[WhiteTeam "NYVSE"]
[BlackTeam "Barcza - BEAC I."]
[WhiteTeamCountry "HUN"]
[BlackTeamCountry "HUN"]

1. d4 Nf6 2. Nc3 d5 3. Bf4 Bf5 4. e3 e6 5. Bd3 Bxd3 6. Qxd3 Bd6 7. Nf3 a6 8.
O-O-O Qe7 9. Kb1 Nbd7 10. Rhe1 O-O-O 11. Bxd6 Qxd6 12. e4 dxe4 13. Nxe4 Nxe4
14. Qxe4 Nf6 15. Qe2 Qe7 16. c4 Qb4 17. Ne5 Rhf8 18. Rd3 Nd7 19. Rb3 Qd6 20.
Qe4 c6 21. Nf3 Nf6 22. Qc2 Rfe8 23. Rc1 Re7 24. h3 Rc7 1/2-1/2

[Event "NB II. Breyer csoport"]
[Site "Budapest"]
[Date "2024.05.12"]
[Round "9.8"]
[White "Szekacs, Mark"]
[Black "Meszaros, Vilmos"]
[Result "1-0"]
[WhiteElo "2020"]
[BlackElo "1817"]
[PlyCount "99"]
[EventDate "2023.10.08"]
[EventType "team-tourn"]
[EventRounds "9"]
[EventCountry "HUN"]
[Source "chess.hu"]
[WhiteTeam "Barcza - BEAC I."]
[BlackTeam "NYVSE"]
[WhiteTeamCountry "HUN"]
[BlackTeamCountry "HUN"]

1. e4 Nf6 2. e5 Nd5 3. d4 d6 4. Bc4 e6 5. Nf3 Nb6 6. Bb3 d5 7. O-O c5 8. c3
cxd4 9. cxd4 Nc6 10. Nc3 Be7 11. Ne2 f5 12. exf6 Bxf6 13. Re1 O-O 14. Nf4 Qd6
15. a3 Bd7 16. Qd3 Bxd4 17. Nxd4 Rxf4 18. Bxf4 Qxf4 19. Nxe6 Bxe6 20. Rxe6 Rf8
21. Rf1 Ne5 22. Qg3 Nc6 23. Qxf4 Rxf4 24. Rd1 Kf7 25. Re3 Ne7 26. g3 Rf6 27.
Rc3 Rc6 28. Rdc1 Ke6 29. Re1+ Kd6 30. Rf3 a5 31. Rf7 a4 32. Bxa4 Nxa4 33. Rexe7
Nxb2 34. Rxb7 Rc1+ 35. Kg2 Nc4 36. Rxg7 h5 37. Rbd7+ Kc5 38. Rg5 Rd1 39. Rxh5
Nxa3 40. h4 Nc4 41. Rg5 Rd2 42. h5 Kc6 43. Rd8 Ne3+ 44. Kf3 Nd1 45. Rgxd5 Rxf2+
46. Ke4 Nc3+ 47. Ke3 Rh2 48. Rd2 Rxd2 49. Rxd2 Nd5+ 50. Rxd5 1-0

[Event "NB II. Breyer csoport"]
[Site "Budapest"]
[Date "2024.05.12"]
[Round "9.9"]
[White "Kiss, Istvan"]
[Black "Martin, Bela Jr"]
[Result "0-1"]
[WhiteElo "1783"]
[BlackElo "2045"]
[PlyCount "64"]
[EventDate "2023.10.08"]
[EventType "team-tourn"]
[EventRounds "9"]
[EventCountry "HUN"]
[Source "chess.hu"]
[WhiteTeam "NYVSE"]
[BlackTeam "Barcza - BEAC I."]
[WhiteTeamCountry "HUN"]
[BlackTeamCountry "HUN"]

1. d4 Nf6 2. c4 e6 3. Nc3 Bb4 4. Bd2 O-O 5. Nf3 d5 6. e3 b6 7. cxd5 exd5 8. a3
Be7 9. Bd3 Bb7 10. Ne5 c5 11. O-O Nc6 12. Nxc6 Bxc6 13. Rc1 Qd7 14. Qe2 Rfe8
15. Bb5 a6 16. Bxc6 Qxc6 17. Qf3 Bf8 18. Rfd1 c4 19. Ne2 a5 20. Ra1 b5 21. Rdc1
b4 22. a4 Ra6 23. b3 Ne4 24. Be1 c3 25. Rc2 Qb7 26. Nc1 Rh6 27. Qe2 Bd6 28. g3
Bc7 29. Qf1 Qc6 30. Qe2 Qe6 31. Qf1 Ng5 32. Qg2 Qf5 0-1

[Event "NB II. Breyer csoport"]
[Site "Budapest"]
[Date "2024.05.12"]
[Round "9.10"]
[White "Bod, Marton"]
[Black "Grinacz, Aba Samuel"]
[Result "1-0"]
[WhiteElo "1892"]
[BlackElo "1675"]
[PlyCount "75"]
[EventDate "2023.10.08"]
[EventType "team-tourn"]
[EventRounds "9"]
[EventCountry "HUN"]
[Source "chess.hu"]
[WhiteTeam "Barcza - BEAC I."]
[BlackTeam "NYVSE"]
[WhiteTeamCountry "HUN"]
[BlackTeamCountry "HUN"]

1. e4 e5 2. Nf3 Nc6 3. Bb5 d6 4. d4 exd4 5. Nxd4 Bd7 6. Bxc6 Bxc6 7. Nc3 Nf6 8.
Nxc6 bxc6 9. Qf3 d5 10. Bg5 dxe4 11. Nxe4 Be7 12. Nxf6+ Bxf6 13. Qxc6+ Kf8 14.
Bxf6 gxf6 15. O-O Kg7 16. Rad1 Qe7 17. Rd7 Qe5 18. Qxc7 Rhf8 19. Qxe5 fxe5 20.
Rfd1 Rfc8 21. c3 Rab8 22. R1d2 a6 23. R7d6 Rb7 24. Kf1 Ra8 25. Ke2 f6 26. Rd7+
Rxd7 27. Rxd7+ Kg6 28. Kd3 Rc8 29. Rd6 Kf5 30. Rxa6 e4+ 31. Kc2 Rg8 32. g3 Rg6
33. c4 Kg4 34. Kd2 Kf3 35. Ke1 h5 36. c5 h4 37. c6 e3 38. Ra3 1-0

[Event "NB II. Breyer csoport"]
[Site "Budapest"]
[Date "2024.05.12"]
[Round "9.11"]
[White "Klinga, Matyas"]
[Black "Schatzer, Andras"]
[Result "0-1"]
[WhiteElo "1554"]
[BlackElo "1942"]
[PlyCount "56"]
[EventDate "2023.10.08"]
[EventType "team-tourn"]
[EventRounds "9"]
[EventCountry "HUN"]
[Source "chess.hu"]
[WhiteTeam "NYVSE"]
[BlackTeam "Barcza - BEAC I."]
[WhiteTeamCountry "HUN"]
[BlackTeamCountry "HUN"]

1. d4 Nf6 2. Bf4 g6 3. e3 Bg7 4. Nf3 c5 5. c3 cxd4 6. cxd4 Nc6 7. Nc3 Nh5 8.
Nd5 Qa5+ 9. Nc3 Nxf4 10. exf4 Qb4 11. Qd2 Nxd4 12. Nxd4 Qxd4 13. Qxd4 Bxd4 14.
g3 Bxc3+ 15. bxc3 d5 16. Bg2 e6 17. Kd2 Rb8 18. Rhe1 O-O 19. Rac1 b5 20. Rb1
Bd7 21. Rb3 Rb6 22. Reb1 Rd6 23. Kd3 Rc8 24. Bf1 a6 25. Ke3 Rdc6 26. Kd2 f6 27.
Kd3 e5 28. fxe5 Bf5+ 0-1

[Event "NB II. Breyer csoport"]
[Site "Budapest"]
[Date "2024.05.12"]
[Round "9.12"]
[White "Tancz, Janos"]
[Black "Csorba, Zalan"]
[Result "1-0"]
[WhiteElo "1831"]
[BlackElo "1537"]
[PlyCount "35"]
[EventDate "2023.10.08"]
[EventType "team-tourn"]
[EventRounds "9"]
[EventCountry "HUN"]
[Source "chess.hu"]
[WhiteTeam "Barcza - BEAC I."]
[BlackTeam "NYVSE"]
[WhiteTeamCountry "HUN"]
[BlackTeamCountry "HUN"]

1. c4 Nf6 2. Nc3 g6 3. g3 d5 4. cxd5 Nxd5 5. Bg2 c6 6. Nf3 Bg7 7. d4 O-O 8. O-O
Bf5 9. Re1 Re8 10. e4 Nxc3 11. bxc3 Bg4 12. h3 Bxf3 13. Qxf3 e5 14. d5 cxd5 15.
exd5 Qa5 16. Rb1 b6 17. d6 Qxa2 18. Rb2 1-0

[Event "NB II. Erkel csoport"]
[Site "Szada"]
[Date "2023.10.08"]
[Round "1.1"]
[White "Nguyen, Huynh Minh Huy"]
[Black "Vereb, Gabor"]
[Result "1-0"]
[WhiteElo "2441"]
[BlackElo "2193"]
[PlyCount "53"]
[EventDate "2023.10.08"]
[EventType "team-tourn"]
[EventRounds "9"]
[EventCountry "HUN"]
[Source "chess.hu"]
[WhiteTeam "Dunaharaszti MTK II."]
[BlackTeam "Godolloi SBE"]
[WhiteTeamCountry "HUN"]
[BlackTeamCountry "HUN"]

1. d4 d6 2. Nf3 Bg4 3. e3 Nf6 4. h3 Bh5 5. Nc3 Bxf3 6. Qxf3 d5 7. g4 e6 8. g5
Nfd7 9. e4 dxe4 10. Nxe4 Be7 11. Be3 c6 12. h4 Qa5+ 13. c3 Qf5 14. Qg2 Qd5 15.
h5 Na6 16. Qg4 O-O-O 17. Rg1 Nc7 18. Nd2 Nb6 19. Bd3 Na4 20. Bc4 Qd7 21. Bb3
Nb6 22. Nf3 f6 23. gxf6 Bxf6 24. Bf4 Ncd5 25. Bh2 Qe7 26. O-O-O Nd7 27. Qg3 1-0

[Event "NB II. Erkel csoport"]
[Site "Szada"]
[Date "2023.10.08"]
[Round "1.2"]
[White "Bandy, Attila"]
[Black "Vegh, Endre"]
[Result "1/2-1/2"]
[WhiteElo "2300"]
[BlackElo "2184"]
[PlyCount "138"]
[EventDate "2023.10.08"]
[EventType "team-tourn"]
[EventRounds "9"]
[EventCountry "HUN"]
[Source "chess.hu"]
[WhiteTeam "Godolloi SBE"]
[BlackTeam "Dunaharaszti MTK II."]
[WhiteTeamCountry "HUN"]
[BlackTeamCountry "HUN"]

1. d4 e6 2. Nf3 c5 3. c3 Nf6 4. Bf4 b6 5. e3 Bb7 6. Bd3 Be7 7. h3 O-O 8. Nbd2
d6 9. Qe2 Nc6 10. O-O Re8 11. e4 cxd4 12. cxd4 Nxd4 13. Nxd4 e5 14. Bb5 Rf8 15.
Bc6 Qc7 16. Bxb7 Qxb7 17. Be3 exd4 18. Bxd4 Rfe8 19. Rfe1 Rac8 20. Rad1 Nd7 21.
Nb1 Bf6 22. Nc3 Re6 23. Rd2 Rce8 24. Red1 d5 25. f3 dxe4 26. Nxe4 Bg5 27. Be3
Bxe3+ 28. Qxe3 Nf8 29. Qb3 Qe7 30. Qb5 h6 31. a3 Re5 32. Rd5 Rxd5 33. Rxd5 Rc8
34. Qd3 Rc1+ 35. Kh2 Ne6 36. Ng3 Qf6 37. Rd7 Qe5 38. Rxa7 Qe1 39. Ra8+ Nf8 40.
Ne4 Qg1+ 41. Kg3 Qe1+ 42. Kh2 Qg1+ 43. Kg3 Qe1+ 44. Kg4 Rd1 45. Qc4 g6 46. Qc8
f5+ 47. Kf4 Qh4+ 48. g4 Qe7 49. gxf5 gxf5 50. Qxf5 Qc7+ 51. Qe5 Qf7+ 52. Qf5
Qc7+ 53. Kg4 Rd8 54. Nf6+ Kh8 55. Rxd8 Qxd8 56. Nh5 Qd4+ 57. Nf4 Qg1+ 58. Kh5
Nh7 59. Ng6+ Kg7 60. Qe5+ Nf6+ 61. Kh4 Kxg6 62. a4 Qg5+ 63. Qxg5+ hxg5+ 64. Kg3
Kf5 65. b4 Nd5 66. a5 bxa5 67. bxa5 Nb4 68. h4 gxh4+ 69. Kxh4 Kf4 1/2-1/2

[Event "NB II. Erkel csoport"]
[Site "Szada"]
[Date "2023.10.08"]
[Round "1.3"]
[White "Herpai, Jozsef Matyas"]
[Black "Nagyajtai, Gabor"]
[Result "1-0"]
[WhiteElo "2075"]
[BlackElo "2150"]
[PlyCount "73"]
[EventDate "2023.10.08"]
[EventType "team-tourn"]
[EventRounds "9"]
[EventCountry "HUN"]
[Source "chess.hu"]
[WhiteTeam "Dunaharaszti MTK II."]
[BlackTeam "Godolloi SBE"]
[WhiteTeamCountry "HUN"]
[BlackTeamCountry "HUN"]

1. e4 c5 2. Nf3 d6 3. d4 cxd4 4. Nxd4 Nf6 5. Nc3 a6 6. Rg1 e5 7. Nb3 Be6 8. g4
b5 9. g5 Nfd7 10. Be3 Nb6 11. Nd5 N8d7 12. Na5 Nxd5 13. exd5 Bf5 14. Nc6 Qc7
15. h4 Nb8 16. Bg2 Nxc6 17. dxc6 Be7 18. Qd2 O-O 19. O-O-O Rfd8 20. f4 d5 21.
fxe5 Qxc6 22. Qf2 Be6 23. h5 Rac8 24. Kb1 Rd7 25. Rgf1 a5 26. Qd2 b4 27. Rf2 a4
28. g6 fxg6 29. hxg6 hxg6 30. Rh1 Bf5 31. Rd1 Rcd8 32. Rxf5 gxf5 33. Rh1 a3 34.
Bd4 axb2 35. Bxb2 Qc4 36. e6 Ra7 37. Rh8+ 1-0